| 000 | 01501cam a22004454i 4500 | ||
|---|---|---|---|
| 003 | PE-LiUPU | ||
| 005 | 20250731173336.0 | ||
| 008 | 150706s2007 kyu r 000 0 eng d | ||
| 020 | _a9780664229368 | ||
| 035 | _a(Sirsi) i9780664229368 | ||
| 040 |
_aPE-LiUPU _bspa _cPE-LiUPU _erda |
||
| 049 | _aPRUA | ||
| 082 | 0 | 4 |
_a241.22 _bCh _221 |
| 245 | 0 | 0 |
_aCharacter ethics and the old testament : _bmoral dimensions of scripture / _cEdited by M. Daniel Caroll R. and Jacqueline E. Lapsley. |
| 264 | 1 |
_aLouisville : _bWestminster John Knox, _c2007. |
|
| 300 |
_axx, 260 páginas ; _c23 centímetros |
||
| 336 |
_atext _2rdacontent |
||
| 337 |
_aunmediated _2rdamedia |
||
| 338 |
_avolume _2rdacarrier |
||
| 504 | _aÍndice : páginas 257-260. | ||
| 505 | 0 | _aBiblical interpretation -- Creation -- Torab -- Prophets -- Diaspora and exile -- The Bible in modern contexts. | |
| 526 | _aSEG42 | ||
| 526 | _aSEG41 | ||
| 526 | _aSEG40 | ||
| 526 | _aSEG39 | ||
| 526 | _aP94 | ||
| 526 | _aP87 | ||
| 526 | _aP86 | ||
| 526 | _aP85 | ||
| 526 | _aP77 | ||
| 526 | _aP76 | ||
| 526 | _aP35 | ||
| 650 | 0 | 4 | _aEtica. |
| 650 | 0 | 4 | _aBiblia. O. T. Cristianismo, interpretación. |
| 942 |
_2ddc _cBOOK |
||
| 994 |
_aC0 _bPEPRU |
||
| 596 | _a1 | ||
| 999 |
_a241.22 CH 1 _wDEWEY _c49310 _i59777 _f2021-11-10 _g5 _lCCODEBUL1 _mBUL _p24.00 _r0 _sY _tBOOK _u2015-7-6 _xTEOLOGIA _PP85 _0COMPRA _o.STAFF. Colección Teología _d49310 |
||
| 980 |
_81 _gALBERTO SANCHEZ Responsable de Automatización |
||